Сопротивление материалов (15.03.01) / ДО 2017: электронный курс

Dettagli Bibliografici
Autore principale: Томилин А. К. Александр Константинович
Ente Autore: Национальный исследовательский Томский политехнический университет Школа базовой инженерной подготовки Отделение общетехнических дисциплин
Altri autori: Куприянов Н. А. Николай Амвросьевич
Riassunto:Заглавие с экрана
Курс "Сопротивление материалов" базируется на понятии «прочность», что является способностью материала противостоять приложенным нагрузкам и воздействиям без разрушения. Сопротивление материалов оперирует такими понятиями как: внутренние усилия, напряжения, деформации. Приложенная внешняя нагрузка к некоторому телу порождает внутренние усилия в нём, противодействующие активному действию внешней нагрузки. Внутренние усилия, распределенные по сечениям тела, называются напряжениями. Таким образом, внешняя нагрузка порождает внутреннюю реакцию материала, характеризующуюся напряжениями, которые в свою очередь прямо пропорциональны деформациям тела. Деформации бывают линейными (удлинение, укорочение, сдвиг) и угловыми (поворот сечений).
Доступ по логину и паролю
Lingua:russo
Pubblicazione: Томск, TPU Moodle, 2019
Soggetti:
Accesso online:https://design.lms.tpu.ru/course/view.php?id=2940
Natura: MixedMaterials Elettronico Libro
KOHA link:https://koha.lib.tpu.ru/cgi-bin/koha/opac-detail.pl?biblionumber=666119

MARC

LEADER 00000nlm0a2200000 4500
001 666119
005 20240119135724.0
035 |a (RuTPU)RU\TPU\network\37323 
035 |a RU\TPU\network\26422 
090 |a 666119 
100 |a 20211206d2019 m y0rusy50 ca 
101 0 |a rus 
102 |a RU 
105 |a a j 000zy 
135 |a jrcn ---uucaa 
181 0 |a i  
182 0 |a b 
200 1 |a Сопротивление материалов (15.03.01) / ДО 2017  |e электронный курс  |f А. К. Томилин, Н. А. Куприянов  |g Национальный исследовательский Томский политехнический университет, Школа базовой инженерной подготовки, Отделение общетехнических дисциплин 
203 |a Текст  |c электронный 
210 |a Томск  |c TPU Moodle  |d 2019 
300 |a Заглавие с экрана 
330 |a Курс "Сопротивление материалов" базируется на понятии «прочность», что является способностью материала противостоять приложенным нагрузкам и воздействиям без разрушения. Сопротивление материалов оперирует такими понятиями как: внутренние усилия, напряжения, деформации. Приложенная внешняя нагрузка к некоторому телу порождает внутренние усилия в нём, противодействующие активному действию внешней нагрузки. Внутренние усилия, распределенные по сечениям тела, называются напряжениями. Таким образом, внешняя нагрузка порождает внутреннюю реакцию материала, характеризующуюся напряжениями, которые в свою очередь прямо пропорциональны деформациям тела. Деформации бывают линейными (удлинение, укорочение, сдвиг) и угловыми (поворот сечений). 
333 |a Доступ по логину и паролю 
606 1 |a Сопротивление материалов  |2 stltpush  |3 (RuTPU)RU\TPU\subj\55554  |9 73567 
610 1 |a электронный ресурс 
610 1 |a труды учёных ТПУ 
610 1 |a электронное обучение 
610 1 |a электронные курсы ТПУ 
610 1 |a электронные учебные пособия 
610 1 |a учебные пособия 
610 1 |a дистанционное образование 
610 1 |a дистанционное обучение 
610 1 |a растяжение-сжатие 
610 1 |a сдвиги 
610 1 |a кручение 
610 1 |a геометрические характеристики 
610 1 |a сопротивление 
610 1 |a изгиб 
610 1 |a динамическое действие 
610 1 |a прочность 
610 1 |a циклически изменяющиеся напряжения 
675 |a 539.3/.6(075.8)  |v 3 
700 1 |a Томилин  |b А. К.  |c физик, механик  |c профессор Томского политехнического университета, доктор физико-математических наук  |f 1955-  |g Александр Константинович  |3 (RuTPU)RU\TPU\pers\31233  |9 15428 
701 1 |a Куприянов  |b Н. А.  |c специалист в области материаловедения  |c доцент Томского политехнического университета, кандидат технических наук  |f 1951-  |g Николай Амвросьевич  |3 (RuTPU)RU\TPU\pers\24228  |9 10715 
712 0 2 |a Национальный исследовательский Томский политехнический университет  |b Школа базовой инженерной подготовки  |b Отделение общетехнических дисциплин  |3 (RuTPU)RU\TPU\col\23550 
801 2 |a RU  |b 63413507  |c 20220627  |g RCR 
856 4 |u https://design.lms.tpu.ru/course/view.php?id=2940 
942 |c CF